| 000 -LEADER |
| fixed length control field |
00631nam a22001937a 4500 |
| 001 - CONTROL NUMBER |
| control field |
5027 |
| 003 - CONTROL NUMBER IDENTIFIER |
| control field |
BD-DhUAP |
| 005 - DATE AND TIME OF LATEST TRANSACTION |
| control field |
20210109130731.0 |
| 008 - FIXED-LENGTH DATA ELEMENTS--GENERAL INFORMATION |
| fixed length control field |
200318s2002 bg a|||| |||| 00| 0 ben d |
| 040 ## - CATALOGING SOURCE |
| Original cataloging agency |
BD-DhUAP |
| Language of cataloging |
Ben |
| Transcribing agency |
BD-DhUAP |
| Modifying agency |
BD-DhUAP |
| 082 ## - DEWEY DECIMAL CLASSIFICATION NUMBER |
| Edition number |
23 |
| Classification number |
535 JAH |
| 100 ## - MAIN ENTRY--PERSONAL NAME |
| Personal name |
জাহান, হুসনে। |
| 245 ## - TITLE STATEMENT |
| Title |
চোখের আলো / |
| Statement of responsibility, etc. |
হুসনে জাহান। |
| 260 ## - PUBLICATION, DISTRIBUTION, ETC. |
| Place of publication, distribution, etc. |
ঢাকা : |
| Name of publisher, distributor, etc. |
অ্যাডর্ন, |
| Date of publication, distribution, etc. |
c২০০২। |
| 300 ## - PHYSICAL DESCRIPTION |
| Extent |
২৩ পৃষ্ঠা : |
| Other physical details |
চিত্রাবলী ; |
| Dimensions |
২৩ সেমি.। |
| 650 ## - SUBJECT ADDED ENTRY--TOPICAL TERM |
| Topical term or geographic name entry element |
Optics. |
| 650 ## - SUBJECT ADDED ENTRY--TOPICAL TERM |
| Topical term or geographic name entry element |
light. |
| 942 ## - ADDED ENTRY ELEMENTS (KOHA) |
| Source of classification or shelving scheme |
|
| Koha item type |
Book |